000 00589nam a2200205Ia 4500
003 OSt
005 20250304135123.0
008 210210b1971 xxu||||| |||| 00| 0 eng d
040 _cAL
041 _ahin
082 _aH891.9 GUPG
100 _aGUPT (Virendr Kumar):
_9203722
110 _aगुप्त वीरेंद्र कुमार
_9203723
245 _aGosvami Tulsidas:
_bगोस्वामी तुलसीदास
260 _aDilli
_bBharat Sahity Mandir
_c1971
300 _a64
690 _aHindi Criticism
_9203724
906 _a029908
942 _2ddc
_cBK
999 _c81106
_d81106